Detalles MARC
| 000 -LEADER |
| fixed length control field |
03068nam a2200385Ii 4500 |
| 001 - CONTROL NUMBER |
| control field |
DIGBIN02004 |
| 003 - CONTROL NUMBER IDENTIFIER |
| control field |
NyNyDIG |
| 006 - FIXED-LENGTH DATA ELEMENTS--ADDITIONAL MATERIAL CHARACTERISTICS |
| fixed length control field |
m o d |
| 007 - PHYSICAL DESCRIPTION FIXED FIELD--GENERAL INFORMATION |
| fixed length control field |
cr ||||||||||| |
| 008 - FIXED-LENGTH DATA ELEMENTS--GENERAL INFORMATION |
| fixed length control field |
100625s2009 sp a ob 000 0 spa d |
| 020 ## - INTERNATIONAL STANDARD BOOK NUMBER |
| Canceled/invalid ISBN |
8497429265 |
| 020 ## - INTERNATIONAL STANDARD BOOK NUMBER |
| Canceled/invalid ISBN |
9788497429269 |
| 035 ## - SYSTEM CONTROL NUMBER |
| System control number |
(OCoLC)888256694 |
| 040 ## - CATALOGING SOURCE |
| Original cataloging agency |
DGITA |
| Language of cataloging |
eng |
| Description conventions |
pn |
| Transcribing agency |
DGITA |
| 050 14 - LIBRARY OF CONGRESS CALL NUMBER |
| Classification number |
HM851 eBook |
| 100 1# - MAIN ENTRY--PERSONAL NAME |
| Personal name |
Moreno Castro, Carolina. |
| 245 10 - TITLE STATEMENT |
| Title |
Comunicar los riesgos : |
| Remainder of title |
ciencia y tecnología en la sociedad de la información / |
| Statement of responsibility, etc. |
Carolina Moreno Castro (editora). |
| 264 #1 - PRODUCTION, PUBLICATION, DISTRIBUTION, MANUFACTURE, AND COPYRIGHT NOTICE |
| Place of production, publication, distribution, manufacture |
Madrid : |
| Name of producer, publisher, distributor, manufacturer |
Biblioteca Nueva, |
| Date of production, publication, distribution, manufacture, or copyright notice |
2009. |
| 300 ## - PHYSICAL DESCRIPTION |
| Extent |
1 online resource (345 pages) |
| 336 ## - CONTENT TYPE |
| Content type term |
text |
| Content type code |
txt |
| Source |
rdacontent |
| 337 ## - MEDIA TYPE |
| Media type term |
computer |
| Media type code |
c |
| Source |
rdamedia |
| 338 ## - CARRIER TYPE |
| Carrier type term |
online resource |
| Carrier type code |
cr |
| Source |
rdacarrier |
| 490 1# - SERIES STATEMENT |
| Series statement |
Educación, ciencia y cultura ; |
| Volume/sequential designation |
4. |
| 504 ## - BIBLIOGRAPHY, ETC. NOTE |
| Bibliography, etc. note |
Includes bibliographical references (p. 207-215). |
| 505 0# - FORMATTED CONTENTS NOTE |
| Formatted contents note |
Prólogo / Emilio Muñoz - Introducción / Carolina Moreno -- La comunicación del riesgo: las lecciones del pasado y los desafíos del presente / Bruna De-Marchi -- El riesgo sanitario en la sociedad medieval / Mercedes Gallent Marco -- Energía nuclear en argentina: opinión pública y riesgo percibido / Carmelo Polino y María Eugenia Fazio -- La comunicación del riesgo en las crisis alimentarias / Montaña Cámara Hurtado -- Discursos y prácticas en el proceso de comunicación de riesgo petroquímico / Jordi Farré Coma y Juan Luis Gonzalo Iglesia -- El principio de precaución en la comunicación del riesgo / Carolina Moreno -- Castro y José Luis Luján López -- Las dimensiones sociales del conocimiento experto del riesgo / Stephen Hilgartner -- La comunicación de los riesgos de los medicamentos / Francisco J. Morales-Olivas -- Riesgo, incertidumbre y medios de comunicación / Enrique Gil Calvo -- La violencia terrorista como situación de crisis y su tratamiento a través de los medios de comunicación / Guillermo López García -- Periodismo de catástrofes: la actualidad informativa como fuente de incertidumbres / Carlos Lozano Ascencio -- Los efectos de los medios de comunicación en los estudiantes universitarios. la gripe aviaria como estudio de caso / Ramón Camaño Puig -- In-comunicando el riesgo / Ramón J. Moles Plaza y Anna García Hom -- La información sanitaria y los discursos mediáticos / José María Bernardo Paniagua y Nel•lo Pellisser Rossell -- Gestión de la comunicación de crisis: perspectivas / Jesús Timoteo Álvarez -- Ciencia, precaución y evaluación de riesgos: hacia un debate político más constructivo / Andrew Stirling -- Sobre los autores. |
| 650 #0 - SUBJECT ADDED ENTRY--TOPICAL TERM |
| Topical term or geographic name entry element |
Information society |
| 650 #0 - SUBJECT ADDED ENTRY--TOPICAL TERM |
| Topical term or geographic name entry element |
Communication and technology |
| 655 #0 - INDEX TERM--GENRE/FORM |
| Genre/form data or focus term |
Electronic books. |
| 791 2# - |
| -- |
Digitalia (Firm), |
| -- |
distributor. |
| 793 0# - |
| -- |
Digitalia eBook Collection: |
| -- |
Biblioteca Nueva |
| 830 #0 - SERIES ADDED ENTRY--UNIFORM TITLE |
| Uniform title |
Educación, ciencia y cultura (Biblioteca Nueva (Firm)) ; |
| Volume/sequential designation |
4. |
| 856 40 - ELECTRONIC LOCATION AND ACCESS |
| Materials specified |
Digitalia Hispánica |
| Uniform Resource Identifier |
<a href="https://www.digitaliapublishing.com/a/6303/">https://www.digitaliapublishing.com/a/6303/</a> |
| 910 ## - USER-OPTION DATA (OCLC) |
| User-option data |
Premium Collection: 2007-2012 |
| 942 ## - ADDED ENTRY ELEMENTS (KOHA) |
| Koha item type |
Recurso Electrónico |